[Event "Berlin Kreuzberg op"]
[Site "Berlin"]
[Date "2016.07.22"]
[Round "7"]
[White "Rosmann, Ilja"]
[Black "Niehaus, Frank"]
[Result "1/2-1/2"]
[WhiteElo "2288"]
[BlackElo "2214"]
[PlyCount "103"]
[EventDate "2016.07.16"]
[EventType "swiss"]
[EventRounds "9"]
[EventCountry "GER"]
[SourceTitle "CBM 173 Extra"]
[Source "ChessBase"]
[SourceDate "2016.08.29"]
[SourceVersion "1"]
[SourceVersionDate "2016.08.29"]
[SourceQuality "1"]

1. e4 e5 2. Nf3 d6 3. Bc4 Nd7 4. d3 Be7 5. 0-0 Ngf6 6. Re1 0-0 7. Nbd2 c6 8. a4 Qc7 9. Nf1 d5 10. exd5 cxd5 11. Ba2 Bd6 12. d4 e4 13. Nh4 Nb6 14. Bg5 Ng4 15. g3 h6 16. Bc1 Be6 17. c3 Rae8 18. f3 Nf6 19. f4 Bg4 20. Qc2 Bd7 21. b3 Nc8 22. Ne3 Ne7 23. c4 Bb4 24. Rf1 dxc4 25. bxc4 Qa5 26. Bb3 Rc8 27. Bb2 Rfe8 28. c5 Be6 29. Bxe6 fxe6 30. Nc4 Qd8 31. Qb3 Ned5 32. Nd6 Rc7 33. Nxe8 Qxe8 34. f5 e3 35. fxe6 Qxe6 36. Rf5 Re7 37. Re5 Qf7 38. Ng6 Rd7 39. Nf4 Bd2 40. Nxd5 Rxd5 41. Rxe3 Bxe3+ 42. Qxe3 Ng4 43. Qe2 Qh5 44. Re1 Rd8 45. Qg2 Rf8 46. h4 Rf2 47. Qxb7 Qf5 48. Qa8+ Kh7 49. Qe4 Rf1+ 50. Kg2 Rf2+ 51. Kg1 Rf1+ 52. Kg2 1/2-1/2

[Event "Berlin Kreuzberg op"]
[Site "Berlin"]
[Date "2016.07.19"]
[Round "4"]
[White "Rosmann, Ilja"]
[Black "Matitschka, Heinz"]
[Result "1-0"]
[WhiteElo "2288"]
[BlackElo "1894"]
[PlyCount "55"]
[EventDate "2016.07.16"]
[EventType "swiss"]
[EventRounds "9"]
[EventCountry "GER"]
[SourceTitle "CBM 173 Extra"]
[Source "ChessBase"]
[SourceDate "2016.08.29"]
[SourceVersion "1"]
[SourceVersionDate "2016.08.29"]
[SourceQuality "1"]

1. e4 e6 2. d3 d5 3. Nd2 Nc6 4. Ngf3 Nf6 5. g3 Bc5 6. Bg2 0-0 7. 0-0 a6 8. e5 Nd7 9. Nb3 Ba7 10. d4 f6 11. exf6 Nxf6 12. Bf4 Ne4 13. Qc1 Bd7 14. c3 Ne7 15. Ne5 Bb5 16. Re1 Nxf2 17. Kxf2 g5 18. Bh3 gxf4 19. Bxe6+ Kg7 20. Nf7 Rxf7 21. Bxf7 fxg3+ 22. Kxg3 Kxf7 23. Qh6 Qf8 24. Qxh7+ Ke8 25. Kg2 Rd8 26. Re3 Rd7 27. Rae1 Kd8 28. Rf3 1-0

[Event "Oberliga Nord N 1415"]
[Site "Germany"]
[Date "2015.01.18"]
[Round "5.2"]
[White "Rosmann, Ilja"]
[Black "Hoi, Carsten"]
[Result "1-0"]
[WhiteElo "2316"]
[BlackElo "2401"]
[PlyCount "87"]
[EventDate "2014.09.21"]
[EventType "team-tourn"]
[EventRounds "9"]
[EventCountry "GER"]
[SourceTitle "EXT 2016"]
[Source "ChessBase"]
[SourceDate "2015.10.08"]
[SourceVersion "1"]
[SourceVersionDate "2015.10.08"]
[SourceQuality "1"]
[WhiteTeam "Hamburg Koenigsspringer"]
[BlackTeam "Kiel Turm"]
[WhiteTeamCountry "GER"]
[BlackTeamCountry "GER"]

1. e4 g6 2. d4 Bg7 3. Nc3 d6 4. Bg5 c6 5. Qd2 b5 6. f3 Nd7 7. Nge2 Nb6 8. Ng3 h5 9. Bd3 Nf6 10. 0-0 0-0 11. Nd1 Nh7 12. Be3 e5 13. c3 Be6 14. b3 Qe7 15. f4 h4 16. Ne2 Bg4 17. Nf2 Bxe2 18. Qxe2 exf4 19. Bxf4 b4 20. cxb4 Bxd4 21. Rad1 Nd7 22. Bc4 c5 23. Kh1 Be5 24. Bh6 Bg7 25. Ng4 Ne5 26. Nxe5 dxe5 27. Be3 cxb4 28. Qg4 Kh8 29. Rd7 f5 30. Qd1 Qf6 31. Bc5 h3 32. Be7 hxg2+ 33. Kxg2 Qb6 34. Bxf8 Rxf8 35. Rd6 Qe3 36. Qe2 Qg5+ 37. Kh1 Nf6 38. exf5 gxf5 39. Rf3 Qg4 40. Qg2 Qxg2+ 41. Kxg2 Nh7 42. Rh3 e4 43. Bd5 Re8 44. Bf7 1-0

[Event "Oberliga Nord N 1314"]
[Site "Germany"]
[Date "2014.04.06"]
[Round "9.3"]
[White "Bokelbrink, Uwe"]
[Black "Rosmann, Ilja"]
[Result "1-0"]
[WhiteElo "2275"]
[BlackElo "2307"]
[PlyCount "109"]
[EventDate "2013.10.13"]
[EventType "team-tourn"]
[EventRounds "9"]
[EventCountry "GER"]
[SourceTitle "EXT 2015"]
[Source "ChessBase"]
[SourceDate "2014.11.20"]
[SourceVersion "1"]
[SourceVersionDate "2014.11.20"]
[SourceQuality "1"]
[WhiteTeam "Pinneberg"]
[BlackTeam "Hamburg Koenigsspringer"]
[WhiteTeamCountry "GER"]
[BlackTeamCountry "GER"]

1. e4 e6 2. b3 d5 3. Bb2 Nf6 4. e5 Nfd7 5. f4 g6 6. Nc3 Bg7 7. Qg4 Nc6 8. 0-0-0 Ne7 9. Nf3 a6 10. h4 h5 11. Qh3 b6 12. g4 Bb7 13. d4 hxg4 14. Qxg4 Nf5 15. Rd2 Qe7 16. Bd3 0-0-0 17. Bxf5 gxf5 18. Qg5 f6 19. exf6 Nxf6 20. Ne5 Bh6 21. Ng6 Qg7 22. Qg1 Rh7 23. Rg2 Nh5 24. Ne2 Kb8 25. Kb1 Qf6 26. Qe3 Qf7 27. Ne5 Qe8 28. Rg6 Bg7 29. Rhg1 Bh8 30. a4 Nf6 31. Rh1 Ng4 32. Rxg4 fxg4 33. Nxg4 Qg6 34. Nf2 Bg7 35. Ng3 Bh6 36. h5 Qf7 37. Nd3 Rf8 38. Bc1 Rg7 39. Rf1 Qf6 40. Ne5 Ka8 41. a5 bxa5 42. Ng6 Rb8 43. Re1 Bc8 44. Qc3 Rb6 45. Qxa5 Bd7 46. Ba3 Rxg6 47. hxg6 Qxg6 48. Qc3 Bxf4 49. Ne2 Bd6 50. Bc5 Rb7 51. Rg1 Qh7 52. Nc1 Bxc5 53. Qxc5 Kb8 54. Qf8+ Ka7 55. Rg7 1-0